Регионална библиотека "Любен Каравелов" - Русе

Грешката на Темида (Запис номер 183771)

MARC детайли
000 -Лидер
Контролно поле с фиксирана дължина 01045nam a2200289 c 4500
003 - Код на организацията, давaща контролен номер
Контролно поле BLK
005 - Дата и час на последна редакция
Контролно поле 20180421000224.0
008 - Елементи от данни с фиксирана дължина
fixed length control field 180411b bul|||||r ||||||| ||bul||
010 ## - Наследен системен номер
LC control number KNG00192716000
040 ## - Източник на каталожния запис
Идентификатор на билиотеката - собственик на записа BLK
041 ## - Код за език
Код за езика на текст/звукозапис или на отделно заглавие Български
Код за езика КДБФ Български
080 ## - УДК
Текстов определител УДК Наказуеми действия (общо върху наказуемите действия)
УДК код - определител по УДК 343.23
УДК определител
УДК - код + определител 343.23
080 ## - УДК
Текстов определител УДК Българска литература
УДК код - определител по УДК 821.163.2
УДК определител -32
УДК - код + определител 821.163.2-32
100 1# - Редна дума - Автор
Автор Георгиев, Злати Златев
Авторска отговорност първи автор
R(LIN) 335464
139 ## - Редно поле
Редна дума Георгиев, Злати Златев
Авторски знак Георгиев - Г 37
245 10 - Сведения за заглавието
Заглавие Грешката на Темида
Подзаглавни данни Повест
Редно поле (дума) Злати Златев Георгиев.
257 ## - Страна на издаване
Страна на създаване/издаване България
260 ## - Област на издателските данни
-- София
Име на издателя, разпространителя и проч. Профиздат
Година на издаване 1990
300 ## - Физическа характеристика
Страници 152 с.
Размери/Мащаб 20 см
380 ## - Жанр
Жанр Обществени науки
500 ## - Общи забележки
Забележка 44 380 тир.
852 ## - Местоположение
Форматна сигнатура Цб 163751
856 4# - Електронен адрес и достъп
Електронен формат pdf - файл
Път до файла /url/
856 4# - Електронен адрес и достъп
Електронен формат pdf - файл
Път до файла /url/
942 ## - АРТИКУЛИ
Вид на библиотечния материал Книги
Скрит в OPAC Не
944 ## - СЪЗДАВАНЕ И РЕДАКЦИЯ на ЗАПИСА
Създаване/Редакция Създаване
Дата на регистрацията/редакция 12.10.2016
Служител, извършил регистрацията/редакцията Правда_Бадева
944 ## - СЪЗДАВАНЕ И РЕДАКЦИЯ на ЗАПИСА
Създаване/Редакция Редакция
Дата на регистрацията/редакция 12.10.2016
Служител, извършил регистрацията/редакцията Правда_Бадева
999 ## - СИСТЕМНИ КОНТРОЛНИ НОМЕРА
Koha biblionumber 183771
Koha biblioitemnumber 183771
Наличности
Код за отписване Код за изгубен артикул Източник на класификационната схема Код за повреда Коз за рестрикции Код за отдаване Артикулен № Име на библиотеката - собственик Име на библиотеката, в която се намира в момента Статус (Текущо местоположение) Дата на вписване в системата Местоположение - отдел Цена в лева Инвентарен номер Систематично азбучна сигнатура Баркод Номер на екземпляра Цена в евро Служебна бележка Служебен тип на артикула
  Не е изгубен Universal Decimal Classification Не е повреден без рестрикции ползва се в читалня 317080 Регионална библиотека "Любен Каравелов" Русе Регионална библиотека "Любен Каравелов" Русе Хранилище 1990-01-01 Хранилище 1.29 541056 Цб 163751 120000541056 1 0.66 N: стар фонд Дата: 01.01.1990 Книги
Изтеглен Не е изгубен Universal Decimal Classification Не е повреден без рестрикции заемане за дома 317081 Регионална библиотека "Любен Каравелов" Русе Регионална библиотека "Любен Каравелов" Русе Заемна - подръчен фонд 1990-01-01 Заемна - подръчен фонд 1.29 540101 П 343/Г 37 540101 2 0.66 N: стар фонд Дата: 01.01.1990 Книги
Изтеглен Не е изгубен Universal Decimal Classification Не е повреден без рестрикции заемане за дома 317082 Регионална библиотека "Любен Каравелов" Русе Регионална библиотека "Любен Каравелов" Русе Заемна - подръчен фонд 1990-01-01 Заемна - подръчен фонд 1.29 540102 П 343/Г 37 540102 3 0.66 N: стар фонд Дата: 01.01.1990 Книги
Изтеглен Не е изгубен Universal Decimal Classification Не е повреден без рестрикции заемане за дома 317083 Регионална библиотека "Любен Каравелов" Русе Регионална библиотека "Любен Каравелов" Русе Заемна - подръчен фонд 1990-01-01 Заемна - подръчен фонд 1.29 540103 П 343/Г 37 540103 4 0.66 N: стар фонд Дата: 01.01.1990 Книги
Vip Innovations Ltd, Rousse, Bulgaria 2025